00521nam a22001697a 450000500170000000800410001702000180005808200170007610000310009324500160012426000720014030000130021265000170022594200060024295200880024899900150033620250408060929.0250408b |||||||| |||| 00| 0 eng d a9789555002066 222a080bARU aMohamathu, Rimsha Weligama aAruvadaikal aMount LaviniabLondon & Sri Lankan Tamil Literary Assoxiationc2015 a250 p ., aVimarsanagal cL 001040708LaWERCLbWERCLd2025-04-08l0o080 ARUp080r2025-04-08w2025-04-08yL c6014d6014